Yasin - trakten min (lyrics) - Statistics

General Stats
  • This quiz has been taken 10 times
  • The average score is 179 of 372
Answer Stats
Answer % Correct
Du
100%
du
100%
i
100%
inte
100%
ja
100%
Jag
100%
jag
100%
om
100%
Om
100%
är
83%
ba
83%
bara
83%
de
83%
har
83%
Sho
83%
aldrig,
67%
aldrig
67%
67%
Det
67%
det
67%
dunder
67%
från
67%
ingen
67%
kan
67%
kranen
67%
krona
67%
men
67%
min
67%
Min
67%
out
67%
shout
67%
släpper
67%
till
67%
ut
67%
va'
67%
va
67%
vi
67%
brunt
50%
dagen
50%
den
50%
din
50%
en
50%
för
50%
for
50%
ge
50%
grönt
50%
hela
50%
hög,
50%
klagar
50%
loggar
50%
luktar
50%
missar
50%
nästan
50%
50%
50%
sen
50%
skickar
50%
sover
50%
stinker
50%
var
50%
vitt,
50%
äzi
33%
behöver
33%
Behöver
33%
benim
33%
bli
33%
brud
33%
brud,
33%
dom
33%
får
33%
fem,
33%
femtio
33%
förlora
33%
handlar
33%
hittar
33%
huset
33%
japp
33%
klubben
33%
lightar
33%
LV
33%
mår
33%
mig
33%
minst
33%
mitt
33%
money
33%
33%
Pressen
33%
röding
33%
som
33%
svär,
33%
timing,
33%
trakten
33%
väktarna
33%
Ah,
17%
aka
17%
allt
17%
ändå
17%
Armani
17%
bahad
17%
beddek
17%
bitch
17%
borde
17%
bra
17%
Byn
17%
delar
17%
dig
17%
folk
17%
Folk
17%
försöker
17%
fort
17%
gång
17%
get
17%
händer,
17%
härifrån,
17%
härifrån
17%
hörn
17%
hört
17%
hunger,
17%
inne
17%
känner
17%
Klart
17%
knas,
17%
low-key,
17%
lukten
17%
luren
17%
marknadsföring
17%
mitch
17%
mord
17%
namn
17%
nu
17%
nummer
17%
och
17%
Okej
17%
paranoia
17%
produkten
17%
redo
17%
ringer,
17%
röker
17%
runt
17%
sätt
17%
shining
17%
skiter
17%
smokey
17%
Sponsra
17%
stay
17%
stereo
17%
suttit
17%
taggar
17%
toan
17%
torpeder
17%
upp
17%
uppväxt
17%
vara
17%
varje
17%
vet
17%
vid
17%
Yasin
17%
att
0%
bygger
0%
ego
0%
fåglar,
0%
feber
0%
följer
0%
grabb
0%
hada
0%
hashish
0%
huvudet
0%
inga
0%
just
0%
kakor
0%
kundkrets
0%
lego
0%
life!
0%
med
0%
mina
0%
någon
0%
nåt
0%
police
0%
pratar
0%
qasmir
0%
regler
0%
Rinkeby
0%
säger
0%
säkert
0%
sätter
0%
sedel
0%
sex
0%
Shouf
0%
signing
0%
sjuk
0%
spelet
0%
springer
0%
stashar
0%
the
0%
varor
0%
No matching quizzes found
Score Distribution
Percent of People with Each Score
Percentile by Number Answered
Your Score History
You have not taken this quiz